Relief of Maybell King.

Executive Session.

Bibliographic Details
Corporate Author: United States. Congress. House. Committee on the Judiciary. Subcommittee No. 1 (other agent associated with work.)
Format: eBook
Language:English
Published: [Washington : U.S. G.P.O.], 1959.
Subjects:
Online Access:Electronic resource (PDF)

MARC

Tag First Indicator Second Indicator Subfields
LEADER 00000cam a22000001i 4500
001 in00004105708
005 20200117083815.0
006 m d f
007 cr bn mmmapmmp
008 091130s1959 dcu o f000 0 eng d
035 |a cis2007521311 
040 |a UMI  |b eng  |e rda  |c UMI  |d UtOrBLW 
110 1 |a United States.  |b Congress.  |b House.  |b Committee on the Judiciary,  |e issuing body.  |0 http://id.loc.gov/authorities/names/n79036854 
245 1 0 |a Relief of Maybell King. 
264 1 |a [Washington :  |b U.S. G.P.O.],  |c 1959. 
300 |a 3 pages, digital, PDF file. 
336 |a text  |2 rdacontent  |b txt 
337 |a computer  |b c  |2 rdamedia 
338 |a online resource  |2 rdacarrier  |b cr 
500 |a Record is based on bibliographic data in ProQuest Congressional Hearings Digital Collection(last viewed July 2018). Reuse except for individual research requires license from ProQuest, LLC. 
520 |a Executive Session. 
538 |a System requirements: PDF reader software. 
500 |a Electronic resource. 
650 0 |a Armies.  |0 http://id.loc.gov/authorities/subjects/sh85007309 
650 0 |a Military dependents.  |0 http://id.loc.gov/authorities/subjects/sh85085184 
650 0 |a Military pay. 
710 1 |a United States.  |b Congress.  |b House.  |b Committee on the Judiciary.  |b Subcommittee No. 1,  |e other agent associated with work.  |0 http://id.loc.gov/authorities/names/n85118850 
776 0 8 |a United States. Congress. House. Committee on the Judiciary.  |t Relief of Maybell King  |o 86 HJ-T.379 
730 0 |a ProQuest U.S. Congressional Hearings Digital Collection. 
856 4 0 |u http://proxy.library.tamu.edu/login?url=http://congressional.proquest.com/congcomp/getdoc?HEARING-ID=HRG-1959-HJH-0220  |y Electronic resource (PDF)  |t 0 
999 f f |s 15275eb8-605a-36df-9c95-57d8f4052078  |i 7b92ad1f-edaa-30db-8148-d91dcf658374  |t 0 
952 f f |a Texas A&M University  |b College Station  |c Electronic Resources  |d Available Online  |t 0  |h No information provided 
998 f f |t 0  |l Available Online